[Event "HUN-chT2 Maroczy 0001"]
[Site "Hungary"]
[Date "2000.12.03"]
[Round "2"]
[White "Juhasz, Bela"]
[Black "Vadasz, Laszlo"]
[Result "1-0"]
[WhiteElo "2315"]
[BlackElo "2301"]
[PlyCount "85"]
[EventDate "2000.11.26"]
[EventType "team"]
[EventRounds "11"]
[EventCountry "HUN"]
[SourceTitle "EXT 2007"]
[Source "ChessBase"]
[SourceDate "2006.11.23"]
[SourceVersion "1"]
[SourceVersionDate "2006.11.23"]
[SourceQuality "1"]
[WhiteTeam "Matra"]
[BlackTeam "Budapest Matador"]
[WhiteTeamCountry "HUN"]
[BlackTeamCountry "HUN"]

1. d4 g6 2. c4 Bg7 3. e4 d6 4. Nc3 e5 5. dxe5 Bxe5 6. Qd2 Bg7 7. Nf3 Nc6 8. h3 Nf6 9. Bd3 0-0 10. 0-0 Be6 11. Re1 Nd7 12. b3 Bxh3 13. e5 Bg4 14. exd6 Nc5 15. Ba3 cxd6 16. Nh2 Be6 17. Rad1 Qa5 18. Bb2 Rad8 19. Bb1 Rfe8 20. Nf3 Bg4 21. Rxe8+ Rxe8 22. Re1 Rd8 23. Ng5 Bh6 24. Qf4 Be6 25. Qh4 Bxg5 26. Qxg5 Nxb3 27. Qf6 Nc5 28. Re2 Nd7 29. Qh4 Qh5 30. Qf4 Nde5 31. f3 g5 32. Qf6 Nd7 33. Ne4 Nxf6 34. Nxf6+ Kf8 35. Nxh5 Bxc4 36. Rd2 d5 37. Bf6 Rd6 38. Bxh7 d4 39. Be4 d3 40. Bxg5 Nb4 41. Be3 b6 42. Bf4 Re6 43. a3 1-0

[Event "Erkel Memorial op"]
[Site "Gyula"]
[Date "2000.11.01"]
[Round "3"]
[White "Vadasz, Laszlo"]
[Black "Braun, Matthias"]
[Result "1-0"]
[WhiteElo "2301"]
[BlackElo "2175"]
[PlyCount "58"]
[EventDate "2000.10.??"]
[EventType "swiss"]
[EventRounds "9"]
[EventCountry "HUN"]
[SourceTitle "EXT 2004"]
[Source "ChessBase"]
[SourceDate "2003.11.25"]
[SourceVersion "1"]
[SourceVersionDate "2003.11.25"]
[SourceQuality "1"]

1. Nf3 Nf6 2. c4 g6 3. g3 Bg7 4. Bg2 d6 5. 0-0 0-0 6. d4 c5 7. Nc3 Nc6 8. dxc5 dxc5 9. Be3 Qa5 10. Qb3 Qb4 11. Nd5 Qxb3 12. axb3 Nxd5 13. cxd5 Nd4 14. Nxd4 cxd4 15. Bg5 Re8 16. Rfd1 h6 17. Bf4 e5 18. dxe6 fxe6 19. Bd6 e5 20. Be4 Kh7 21. Rdc1 Re6 22. Ba3 Bd7 23. Bxb7 Rb8 24. Rc7 Rb6 25. Bd5 Be6 26. Be4 Bf5 27. Bd5 Be6 28. Bf3 Bf5 29. Bc5 e4 1-0

[Event "Budapest FS10 GM"]
[Site "Budapest"]
[Date "2000.10.12"]
[Round "6"]
[White "Vadasz, Laszlo"]
[Black "Postny, Evgeny"]
[Result "0-1"]
[WhiteElo "2301"]
[BlackElo "2434"]
[PlyCount "88"]
[EventDate "2000.10.07"]
[EventType "tourn"]
[EventRounds "11"]
[EventCountry "HUN"]
[EventCategory "7"]
[SourceTitle "CBM 078 Extra"]
[Source "ChessBase"]
[SourceDate "2000.11.10"]
[SourceVersion "1"]
[SourceVersionDate "2000.11.10"]
[SourceQuality "1"]

1. Nf3 d5 2. d4 c6 3. e3 Bf5 4. Bd3 Bxd3 5. Qxd3 Nf6 6. 0-0 e6 7. Nbd2 Nbd7 8. e4 dxe4 9. Nxe4 Be7 10. Nxf6+ Bxf6 11. Bf4 0-0 12. c4 c5 13. dxc5 Nxc5 14. Qe3 Qb6 15. Rad1 Na4 16. b3 Nc3 17. Rd2 Rfd8 18. Rc2 Qxe3 19. Bxe3 a5 20. g4 g6 21. Kg2 a4 22. Bg5 Ne4 23. Bxf6 Nxf6 24. g5 Ne4 25. b4 Rd3 26. Re1 Rc3 27. Rxc3 Nxc3 28. a3 Rd8 29. Rc1 Ne2 30. Rc2 Nf4+ 31. Kg3 Nh5+ 32. Kg2 Rd3 33. c5 Nf4+ 34. Kg3 Nd5 35. b5 Rxa3 36. c6 bxc6 37. bxc6 Rc3 38. Rxc3 Nxc3 39. c7 Ne4+ 40. Kf4 Nd6 41. Nd2 Kf8 42. Nc4 Nc8 43. Ke5 Ke7 44. Na3 Kd7 0-1

[Event "Budapest FS10 GM"]
[Site "Budapest"]
[Date "2000.10.07"]
[Round "1"]
[White "Vajda, Szidonia"]
[Black "Vadasz, Laszlo"]
[Result "1/2-1/2"]
[WhiteElo "2282"]
[BlackElo "2301"]
[PlyCount "26"]
[EventDate "2000.10.07"]
[EventType "tourn"]
[EventRounds "11"]
[EventCountry "HUN"]
[EventCategory "7"]
[SourceTitle "CBM 078 Extra"]
[Source "ChessBase"]
[SourceDate "2000.11.10"]
[SourceVersion "1"]
[SourceVersionDate "2000.11.10"]
[SourceQuality "1"]

1. e4 g6 2. d4 Bg7 3. Nc3 d6 4. g3 Nf6 5. Bg2 0-0 6. Nge2 e5 7. h3 Nbd7 8. 0-0 exd4 9. Nxd4 Re8 10. Re1 Nc5 11. Nb3 Nfd7 12. Nd4 a5 13. Be3 Nf6 1/2-1/2

[Event "Budapest FS09 IM-A"]
[Site "Budapest"]
[Date "2000.09.08"]
[Round "7"]
[White "Rajlich, Vasik G"]
[Black "Vadasz, Laszlo"]
[Result "1/2-1/2"]
[WhiteElo "2209"]
[BlackElo "2301"]
[PlyCount "83"]
[EventDate "2000.09.02"]
[EventType "tourn"]
[EventRounds "11"]
[EventCountry "HUN"]
[EventCategory "1"]
[SourceTitle "CBM 078 Extra"]
[Source "ChessBase"]
[SourceDate "2000.11.10"]
[SourceVersion "1"]
[SourceVersionDate "2000.11.10"]
[SourceQuality "1"]

1. e4 c6 2. d4 d5 3. exd5 cxd5 4. c4 Nf6 5. Nc3 e6 6. Nf3 Be7 7. cxd5 exd5 8. Bb5+ Bd7 9. Qb3 Nc6 10. Nxd5 Nxd5 11. Qxd5 Bb4+ 12. Kf1 0-0 13. Bd3 Be6 14. Qe4 g6 15. Bg5 Be7 16. Bxe7 Nxe7 17. Qf4 Nd5 18. Qh6 Nf6 19. Qf4 Nd5 20. Qd2 Qb6 21. a3 Bg4 22. Be2 Rac8 23. h3 Bf5 24. Ne1 Rfd8 25. Rd1 Nf6 26. g4 Be6 27. Qb4 Qxb4 28. axb4 Bb3 29. Rd3 Bc4 30. Rd1 Bxe2+ 31. Kxe2 Rc4 32. Nf3 Rxb4 33. Rd2 Nd5 34. Ra1 a6 35. Kf1 Nf4 36. h4 Rb3 37. Ra3 Rxa3 38. bxa3 Rd5 39. Rb2 b5 40. Rc2 Ne6 41. Rd2 Nf4 42. Rc2 1/2-1/2

[Event "Budapest FS09 IM-A"]
[Site "Budapest"]
[Date "2000.09.06"]
[Round "5"]
[White "Valenti, Giuseppe"]
[Black "Vadasz, Laszlo"]
[Result "1-0"]
[WhiteElo "2195"]
[BlackElo "2301"]
[PlyCount "43"]
[EventDate "2000.09.02"]
[EventType "tourn"]
[EventRounds "11"]
[EventCountry "HUN"]
[EventCategory "1"]
[SourceTitle "CBM 078 Extra"]
[Source "ChessBase"]
[SourceDate "2000.11.10"]
[SourceVersion "1"]
[SourceVersionDate "2000.11.10"]
[SourceQuality "1"]

1. e4 c6 2. d4 d5 3. Nd2 dxe4 4. Nxe4 Nd7 5. Ng5 Ngf6 6. Bd3 e6 7. N1f3 c5 8. Ne5 Nxe5 9. dxe5 Nd7 10. Nxe6 Qb6 11. Nxf8 Kxf8 12. Qe2 h5 13. 0-0 h4 14. h3 g6 15. b3 Rh5 16. Bb2 Nb8 17. Rad1 Nc6 18. e6 Bxe6 19. Bxg6 Rg5 20. Be4 Bxh3 21. Qe3 Rg8 22. Qxh3 1-0

[Event "Budapest FS09 IM-A"]
[Site "Budapest"]
[Date "2000.09.04"]
[Round "3"]
[White "Bordas, Gyula"]
[Black "Vadasz, Laszlo"]
[Result "1/2-1/2"]
[WhiteElo "2186"]
[BlackElo "2301"]
[PlyCount "29"]
[EventDate "2000.09.02"]
[EventType "tourn"]
[EventRounds "11"]
[EventCountry "HUN"]
[EventCategory "1"]
[SourceTitle "CBM 078 Extra"]
[Source "ChessBase"]
[SourceDate "2000.11.10"]
[SourceVersion "1"]
[SourceVersionDate "2000.11.10"]
[SourceQuality "1"]

1. c4 Nf6 2. Nc3 e6 3. e4 c5 4. e5 Ng8 5. Nf3 Nc6 6. d4 cxd4 7. Nxd4 Nxe5 8. Ndb5 a6 9. Nd6+ Bxd6 10. Qxd6 f6 11. Be3 Ne7 12. Bb6 Nf5 13. Qc5 d6 14. Qa5 Qe7 15. 0-0-0 1/2-1/2

[Event "Budapest FS09 IM-A"]
[Site "Budapest"]
[Date "2000.09.03"]
[Round "2"]
[White "Vadasz, Laszlo"]
[Black "Grimm, Sascha"]
[Result "1/2-1/2"]
[WhiteElo "2301"]
[BlackElo "2340"]
[PlyCount "22"]
[EventDate "2000.09.02"]
[EventType "tourn"]
[EventRounds "11"]
[EventCountry "HUN"]
[EventCategory "1"]
[SourceTitle "CBM 078 Extra"]
[Source "ChessBase"]
[SourceDate "2000.11.10"]
[SourceVersion "1"]
[SourceVersionDate "2000.11.10"]
[SourceQuality "1"]

1. Nf3 Nf6 2. c4 g6 3. g3 c5 4. Bg2 Bg7 5. 0-0 Nc6 6. Nc3 0-0 7. d3 a6 8. a3 Rb8 9. Rb1 b5 10. cxb5 axb5 11. b4 cxb4 1/2-1/2

[Event "Budapest FS08 GM"]
[Site "Budapest"]
[Date "2000.08.11"]
[Round "7"]
[White "Vadasz, Laszlo"]
[Black "Antal, Gergely"]
[Result "1/2-1/2"]
[WhiteElo "2301"]
[BlackElo "2405"]
[PlyCount "54"]
[EventDate "2000.08.05"]
[EventType "tourn"]
[EventRounds "12"]
[EventCountry "HUN"]
[EventCategory "7"]
[SourceTitle "CBM 077 Extra"]
[Source "ChessBase"]
[SourceDate "2000.09.14"]
[SourceVersion "1"]
[SourceVersionDate "2000.09.14"]
[SourceQuality "1"]

1. Nf3 f5 2. d4 Nf6 3. g3 g6 4. Bg2 Bg7 5. 0-0 0-0 6. c4 d6 7. Nc3 Qe8 8. Nd5 Nxd5 9. cxd5 Qb5 10. Ng5 h6 11. Ne6 Bxe6 12. dxe6 d5 13. a4 Qc4 14. Be3 c6 15. Qd2 Kh7 16. b4 Qa6 17. b5 cxb5 18. Bxd5 bxa4 19. Qc2 Qb5 20. Bf3 Nc6 21. Rfb1 Nb4 22. Qxa4 Qxa4 23. Rxa4 a5 24. Bxb7 Rab8 25. Bf3 Nc2 26. Rxb8 Rxb8 27. Rxa5 Nxd4 1/2-1/2

[Event "Budapest WFG IM-B"]
[Site "Budapest"]
[Date "2000.07.22"]
[Round "4"]
[White "Vadasz, Laszlo"]
[Black "Petran, Pal"]
[Result "1/2-1/2"]
[WhiteElo "2301"]
[BlackElo "2377"]
[PlyCount "86"]
[EventDate "2000.07.??"]
[EventType "tourn"]
[EventRounds "11"]
[EventCountry "HUN"]
[EventCategory "2"]
[SourceTitle "EXT 2002"]
[Source "ChessBase"]
[SourceDate "2001.11.25"]
[SourceVersion "1"]
[SourceVersionDate "2001.11.25"]
[SourceQuality "1"]

1. Nf3 d5 2. d4 c6 3. c4 e6 4. Nbd2 Nf6 5. g3 Be7 6. Bg2 0-0 7. 0-0 b6 8. b3 Bb7 9. Bb2 Nbd7 10. Rc1 Rc8 11. e3 c5 12. Qe2 Ba6 13. Rfd1 Qc7 14. e4 dxc4 15. bxc4 cxd4 16. Nxd4 e5 17. Nb5 Qb8 18. Nf3 Bc5 19. Nh4 g6 20. Rc2 Rcd8 21. a3 Bb7 22. Rcd2 Bc6 23. Nc3 Rfe8 24. Bh3 Bd4 25. Nd5 Bxd5 26. cxd5 Nc5 27. Bg2 Na4 28. Ba1 Bxa1 29. Rxa1 Qd6 30. Rc2 Nc5 31. Qe3 Qe7 32. f3 Rf8 33. a4 Ne8 34. a5 Nd6 35. Bh3 Rb8 36. Bf1 Kh8 37. Rb2 f5 38. exf5 gxf5 39. Rc1 e4 40. axb6 axb6 41. Rcb1 Nd7 42. fxe4 fxe4 43. Bh3 b5 1/2-1/2

[Event "Budapest FS07 IM-B"]
[Site "Budapest"]
[Date "2000.07.13"]
[Round "13"]
[White "Cooke, Eric"]
[Black "Vadasz, Laszlo"]
[Result "1/2-1/2"]
[WhiteElo "2266"]
[BlackElo "2285"]
[PlyCount "21"]
[EventDate "2000.07.03"]
[EventType "tourn"]
[EventRounds "13"]
[EventCountry "HUN"]
[EventCategory "2"]
[SourceTitle "CBM 077 Extra"]
[Source "ChessBase"]
[SourceDate "2000.09.14"]
[SourceVersion "1"]
[SourceVersionDate "2000.09.14"]
[SourceQuality "1"]

1. e4 d6 2. d4 Nf6 3. Nc3 g6 4. Nf3 Bg7 5. Be2 0-0 6. 0-0 c6 7. Be3 Nbd7 8. h3 e5 9. a4 Re8 10. dxe5 Nxe5 11. Nxe5 1/2-1/2

[Event "Budapest FS07 IM-B"]
[Site "Budapest"]
[Date "2000.07.11"]
[Round "11"]
[White "Vadasz, Laszlo"]
[Black "Farago, Sandor"]
[Result "1/2-1/2"]
[WhiteElo "2285"]
[BlackElo "2271"]
[PlyCount "24"]
[EventDate "2000.07.03"]
[EventType "tourn"]
[EventRounds "13"]
[EventCountry "HUN"]
[EventCategory "2"]
[SourceTitle "CBM 077 Extra"]
[Source "ChessBase"]
[SourceDate "2000.09.14"]
[SourceVersion "1"]
[SourceVersionDate "2000.09.14"]
[SourceQuality "1"]

1. d4 d5 2. c4 c6 3. Nf3 Nf6 4. cxd5 cxd5 5. Nc3 Nc6 6. Bf4 a6 7. e3 Bg4 8. Be2 e6 9. Ne5 Bxe2 10. Qxe2 Nxe5 11. Bxe5 Bd6 12. 0-0 0-0 1/2-1/2

[Event "Budapest FS06 IM-B"]
[Site "Budapest"]
[Date "2000.06.08"]
[Round "6"]
[White "Goldenberg, Danny"]
[Black "Vadasz, Laszlo"]
[Result "0-1"]
[WhiteElo "2244"]
[BlackElo "2285"]
[PlyCount "68"]
[EventDate "2000.06.03"]
[EventType "tourn"]
[EventRounds "11"]
[EventCountry "HUN"]
[EventCategory "2"]
[SourceTitle "CBM 076 Extra"]
[Source "ChessBase"]
[SourceDate "2000.07.11"]
[SourceVersion "1"]
[SourceVersionDate "2000.07.11"]
[SourceQuality "1"]

1. e4 g6 2. d4 Bg7 3. Nf3 d6 4. Nc3 a6 5. a4 Nf6 6. Be2 0-0 7. 0-0 b6 8. Re1 Bb7 9. Bd3 e6 10. h3 Nbd7 11. Bf4 Qe7 12. e5 dxe5 13. dxe5 Nh5 14. Bh2 Bh6 15. Be4 Bxe4 16. Rxe4 Nc5 17. Rd4 Rfd8 18. b4 Nb7 19. Ne4 c5 20. Rxd8+ Rxd8 21. Qf1 cxb4 22. g4 Nc5 23. Nxc5 Qxc5 24. gxh5 Qxc2 25. Ne1 Qc3 26. Ng2 b3 27. f4 Bf8 28. Rb1 Qxh3 29. Qxa6 Rd2 30. Qa8 Qd3 31. Rf1 b2 32. Bg3 Qxg3 33. a5 Qd3 34. axb6 Qxf1+ 0-1

[Event "Budapest FS05 IM"]
[Site "Budapest"]
[Date "2000.05.13"]
[Round "8"]
[White "Kritz, Leonid"]
[Black "Vadasz, Laszlo"]
[Result "1-0"]
[WhiteElo "2281"]
[BlackElo "2285"]
[PlyCount "80"]
[EventDate "2000.05.06"]
[EventType "tourn"]
[EventRounds "13"]
[EventCountry "HUN"]
[EventCategory "3"]
[SourceTitle "CBM 076 Extra"]
[Source "ChessBase"]
[SourceDate "2000.07.11"]
[SourceVersion "1"]
[SourceVersionDate "2000.07.11"]
[SourceQuality "1"]

1. e4 g6 2. d4 Bg7 3. Nc3 d6 4. f4 Nf6 5. Nf3 0-0 6. Be2 Na6 7. 0-0 c5 8. d5 Nc7 9. Re1 Bg4 10. a4 b6 11. h3 Bxf3 12. Bxf3 Rb8 13. Nb5 Ra8 14. Nxc7 Qxc7 15. e5 Ne8 16. e6 fxe6 17. Rxe6 Bd4+ 18. Kh2 Ng7 19. Re2 Rae8 20. c3 Bf6 21. Bd2 Kh8 22. Qb3 c4 23. Qc2 a6 24. Rg1 b5 25. g4 e6 26. g5 Bd8 27. dxe6 Rxe6 28. Rxe6 Nxe6 29. Bd5 Ng7 30. Be3 Nf5 31. Bf2 Qb8 32. axb5 axb5 33. Ra1 Bb6 34. Ra8 Qxa8 35. Bxa8 Bxf2 36. Qxf2 Rxa8 37. Qb6 Re8 38. Qxb5 Re2+ 39. Kg1 Rd2 40. Qb8+ Kg7 1-0

[Event "Budapest FS04 IM-B"]
[Site "Budapest"]
[Date "2000.04.09"]
[Round "9"]
[White "Barth, Norbert"]
[Black "Vadasz, Laszlo"]
[Result "1/2-1/2"]
[WhiteElo "2192"]
[BlackElo "2285"]
[PlyCount "30"]
[EventDate "2000.04.01"]
[EventType "tourn"]
[EventRounds "11"]
[EventCountry "HUN"]
[EventCategory "2"]
[SourceTitle "CBM 075 Extra"]
[Source "ChessBase"]
[SourceDate "2000.05.11"]
[SourceVersion "2"]
[SourceVersionDate "2000.05.11"]
[SourceQuality "1"]

1. Nf3 Nf6 2. c4 e6 3. Nc3 b6 4. g3 Bb7 5. Bg2 Be7 6. 0-0 0-0 7. Re1 d5 8. cxd5 Nxd5 9. e4 Nxc3 10. bxc3 c5 11. d4 cxd4 12. cxd4 Nd7 13. h4 Rc8 14. Bf4 Nf6 15. Qd3 Qd7 1/2-1/2